000 00266nam a22001097a 4500
008 240715b |||||||| |||| 00| 0 eng d
100 _aSheikh, Nazir
_917026
245 _aCharabhat Aur Hik Nurse
260 _bAdarsh Adab Pub;
_c1966.
300 _a108p.
942 _cBK
999 _c40371
_d40371